<?xml version="1.0" encoding="UTF-8"?>
<record
    xmlns:xsi="http://www.w3.org/2001/XMLSchema-instance"
    xsi:schemaLocation="http://www.loc.gov/MARC21/slim http://www.loc.gov/standards/marcxml/schema/MARC21slim.xsd"
    xmlns="http://www.loc.gov/MARC21/slim">

  <leader>02359nam a2200349 a 4500</leader>
  <controlfield tag="001"> </controlfield>
  <controlfield tag="003">  </controlfield>
  <controlfield tag="005">20230316111739.0</controlfield>
  <controlfield tag="008">130313s2008  dr   000 0 spa d</controlfield>
  <datafield tag="020" ind1=" " ind2=" ">
    <subfield code="a">9789945865127</subfield>
  </datafield>
  <datafield tag="040" ind1=" " ind2=" ">
    <subfield code="a">BPMSU</subfield>
    <subfield code="b">spa</subfield>
    <subfield code="c">BPMSU</subfield>
  </datafield>
  <datafield tag="082" ind1=" " ind2="4">
    <subfield code="a">323.44 </subfield>
    <subfield code="b">L681a 2008</subfield>
    <subfield code="2">22</subfield>
  </datafield>
  <datafield tag="245" ind1="0" ind2="0">
    <subfield code="a"> Ley de acceso a la informaci&#xF2;n : balance y an&#xE1;lisis /</subfield>
    <subfield code="c">presentaci&#xF3;n  Crist&#xF3;bal Rodr&#xED;guez G&#xF3;mez,  Wilfredo Lozano,</subfield>
  </datafield>
  <datafield tag="246" ind1="1" ind2="3">
    <subfield code="a">Cuarto  Panel :Ley de acceso a la informaci&#xF2;n : balance y an&#xE1;lisis </subfield>
  </datafield>
  <datafield tag="260" ind1=" " ind2=" ">
    <subfield code="a">Santo Domingo :</subfield>
    <subfield code="b">FLASCO :</subfield>
    <subfield code="b">CONARE,</subfield>
    <subfield code="c">2008.</subfield>
  </datafield>
  <datafield tag="300" ind1=" " ind2=" ">
    <subfield code="a">3v. ;</subfield>
    <subfield code="c">22 cm.</subfield>
  </datafield>
  <datafield tag="490" ind1="0" ind2=" ">
    <subfield code="a">Reforma y modernizaci&#xF3;n del sistema pol&#xED;tico dominicano </subfield>
  </datafield>
  <datafield tag="500" ind1=" " ind2=" ">
    <subfield code="a">Incluye notas al pie de las p&#xE1;ginas</subfield>
  </datafield>
  <datafield tag="500" ind1=" " ind2=" ">
    <subfield code="a"> 4to panel a cargo del dr. Casta&#xF1;os Guzm&#xE1;n para quien la adopci&#xF3;n de la Ley general de libre acceso a la informaci&#xF3;n implica la transformaci&#xF3;n de la relaci&#xF3;n de los ciudadanos con la administraci&#xF3;n p&#xFA;blica</subfield>
  </datafield>
  <datafield tag="504" ind1=" " ind2=" ">
    <subfield code="a"> 4to panel a cargo del dr. Casta&#xF1;os Guzm&#xE1;n para quien la adopci&#xF3;n de la Ley general de libre acceso a la informaci&#xF3;n implica la transformaci&#xF3;n de la relaci&#xF3;n de los ciudadanos con la administraci&#xF3;n p&#xFA;blica</subfield>
  </datafield>
  <datafield tag="505" ind1=" " ind2=" ">
    <subfield code="g">v.1. : 1o. Panel--</subfield>
    <subfield code="t">Separaci&#xF3;n de poderes y sistemas de control: los poderes del Estado en la reforma constitucional de la Rep&#xFA;blica Dominicana /</subfield>
    <subfield code="r">Crist&#xF3;bal Rodr&#xED;guez G&#xF3;mez</subfield>
    <subfield code="g">v. 2. : 2o. Panel : </subfield>
    <subfield code="t">El papel de los partidos pol&#xED;ticos en la construcci&#xF3;n de la transparencia en la administraci&#xF3;n p&#xFA;blica--</subfield>
    <subfield code="g">v.3. : 3o. Panel-</subfield>
    <subfield code="t">Nacionalidad, ciudadan&#xED;a y reforma constitucional en la Rep&#xFA;blica Dominicana de principios del siglo XXI /</subfield>
    <subfield code="r">Wilfredo Lozano</subfield>
    <subfield code="g">v.4. : 4o. Panel--</subfield>
    <subfield code="t">Ley de acceso a la informaci&#xF3;n: balance y analis&#xED;s.</subfield>
  </datafield>
  <datafield tag="590" ind1=" " ind2=" ">
    <subfield code="a">Inventariado, 2023/VM</subfield>
  </datafield>
  <datafield tag="650" ind1=" " ind2="4">
    <subfield code="a"> Derecho civiles </subfield>
    <subfield code="z">Rep&#xFA;blica Dominicana</subfield>
    <subfield code="v">Congresos, conferencias, etc. </subfield>
  </datafield>
  <datafield tag="650" ind1=" " ind2="4">
    <subfield code="a">Libertad de informaci&#xF3;n </subfield>
    <subfield code="z">Rep&#xFA;blica Dominicana </subfield>
    <subfield code="v">Congresos, conferencias, etc. </subfield>
  </datafield>
  <datafield tag="651" ind1=" " ind2="4">
    <subfield code="a">Rep&#xFA;blica Dominicana </subfield>
    <subfield code="x">Derecho constitucional</subfield>
    <subfield code="v">Congresos, conferencias, etc. </subfield>
  </datafield>
  <datafield tag="700" ind1="1" ind2=" ">
    <subfield code="a">Rodr&#xED;guez G&#xF3;mez, Crist&#xF3;bal</subfield>
    <subfield code="t"> </subfield>
  </datafield>
  <datafield tag="700" ind1="1" ind2=" ">
    <subfield code="a">Lozano, Wilfredo.</subfield>
  </datafield>
  <datafield tag="710" ind1="2" ind2=" ">
    <subfield code="a">Consejo Nacional de Administraci&#xF3;n del Estado (Rep&#xFA;blica Dominicana)</subfield>
  </datafield>
  <datafield tag="710" ind1="2" ind2=" ">
    <subfield code="a">Facultad Latinoamericcana de Ciencias Sociales (Rep&#xFA;blica Dominicana)</subfield>
  </datafield>
  <datafield tag="910" ind1=" " ind2=" ">
    <subfield code="a">VMateo V. Control de calidad (BPMSU)</subfield>
  </datafield>
  <datafield tag="942" ind1=" " ind2=" ">
    <subfield code="2">ddc</subfield>
    <subfield code="c">BK</subfield>
  </datafield>
  <datafield tag="952" ind1=" " ind2=" ">
    <subfield code="0">0</subfield>
    <subfield code="1">0</subfield>
    <subfield code="2">ddc</subfield>
    <subfield code="4">0</subfield>
    <subfield code="7">0</subfield>
    <subfield code="8">CD</subfield>
    <subfield code="a">BPMET</subfield>
    <subfield code="b">BPMET</subfield>
    <subfield code="d">2023-03-16</subfield>
    <subfield code="o">BPMSU CD 323.44 L681a 2008</subfield>
    <subfield code="p">BPMSU23030024</subfield>
    <subfield code="r">2023-03-16</subfield>
    <subfield code="t">v.4 </subfield>
    <subfield code="w">2023-03-16</subfield>
    <subfield code="y">BK</subfield>
  </datafield>
  <datafield tag="952" ind1=" " ind2=" ">
    <subfield code="0">0</subfield>
    <subfield code="1">0</subfield>
    <subfield code="2">ddc</subfield>
    <subfield code="4">0</subfield>
    <subfield code="7">0</subfield>
    <subfield code="8">CD</subfield>
    <subfield code="a">BPMET</subfield>
    <subfield code="b">BPMET</subfield>
    <subfield code="d">2023-03-16</subfield>
    <subfield code="o">BPMSU CD 323.44 L681a 2008</subfield>
    <subfield code="p">BPMSU23030025</subfield>
    <subfield code="r">2023-03-16</subfield>
    <subfield code="t">v.4, e.2</subfield>
    <subfield code="w">2023-03-16</subfield>
    <subfield code="y">BK</subfield>
  </datafield>
  <datafield tag="952" ind1=" " ind2=" ">
    <subfield code="0">0</subfield>
    <subfield code="1">0</subfield>
    <subfield code="2">ddc</subfield>
    <subfield code="4">0</subfield>
    <subfield code="7">0</subfield>
    <subfield code="8">CD</subfield>
    <subfield code="a">BPMET</subfield>
    <subfield code="b">BPMET</subfield>
    <subfield code="d">2023-03-16</subfield>
    <subfield code="o">BPMSU CD 323.44 L681a 2008</subfield>
    <subfield code="p">BPMSU23030026</subfield>
    <subfield code="r">2023-03-16</subfield>
    <subfield code="t">v.4, e.3</subfield>
    <subfield code="w">2023-03-16</subfield>
    <subfield code="y">BK</subfield>
  </datafield>
  <datafield tag="999" ind1=" " ind2=" ">
    <subfield code="c">14377</subfield>
    <subfield code="d">14377</subfield>
  </datafield>
</record>
